000 00494cam a2200205ua 4500
001 9669
008 160317n ii |||gr||||Z||||||eng
020 _a9789384303556
040 _cMAIN
041 _aeng
082 _a657.45
100 _aAgarwal, Vikash,
_eAuthor.
245 1 _aAuditing
_cby Vikash Agarwal
250 _a1st ed.
260 _aDibrugarh:
_bMahaveer publications,
_c2016.
300 _a170p.
653 _aAccounting
700 _aAgarwal, Vineeta,
_eAuthor.
942 _cBK
999 _c8688
_d8688